BIBLIOTHÈQUE DE LA MAISON DU MEXIQUE

Logo 1 Logo 2

Narraciones extraordinarias (notice nᵒ 7878)

détails MARC
000 -Sello discográfico
campo de control de longitud fija 00988nam a2200301 4500
005 - Identificación de versión
campo de control 20251016084827.0
099 ## - fechas locales
Tipo de ítem Koha LIBRO
100 ## - Datos de procesamiento general
Datos de procesamiento general 20250214d19761972m y1spay5003 ba
101 ## - Idioma del recurso
Idioma del texto, banda sonora, etc. Español; Castellano
Idioma de la obra original Inglés
105 ## - Campo de datos codificados: Material textual, monográfico
Datos codificados de monografía y 001ay
200 1# - Título y mención de responsabilidad
Título propio Narraciones extraordinarias
Designación general del material texto impreso
Otra información del título Aventuras de Arturo Gordon. Pym. El cuervo
Primer mención de responsabilidad Edgan Allan Poe
Declaración de responsabilidad subsiguiente prólogo María Elvira Bermúdez
205 ## - Declaración de edición
Declaración de edición 5a ed
210 ## - Publicación, distribución, etc.
Lugar de publicación, distribución, etc. México
Nombre del editor, distribuidor, etc. Editorial Porrúa
Fecha de publicación, distribución, etc. 1976
215 ## - Descripción física
Designación de material específico y extensión del ítem 328 p
Dimensiones 22 cm
345 ## - Nota de información de adquisición
Fuente de adquisición/dirección de la suscripción [OBSOLETO] Donación
410 #1 - Series
Título Colección "Sepan Cuantos ..."
Número de volumen 210
606 ## - Término temático usado como materia
Elemento de entrada Novela norteamericana
Subdivisión cronológica Siglo XIX
Número Koha 5048
660 ## - Código de área geográfica
Código MX
700 ## - Nombre personal - Responsabilidad primaria
Elemento de entrada Poe
Parte del nombre distinta del elemento de entrada Edgar Allan
Fechas 1809-1849
Número Koha 5049
702 ## - Nombre personal - Responsabilidad secundaria
Elemento de entrada Bermúdez Natera
Parte del nombre distinta del elemento de entrada María Elvira
Fechas 1916-1988
Número Koha 13685
801 ## - Fuente de origen
País FR
Agencia cm
Reglas de catalogación (convenciones descriptivas) AFNOR
900 ## -
-- 1/23438
900 ## -
-- 7100417642\080104
942 ## - ELEMENTOS DE ENTRADA SECUNDARIOS (KOHA)
Tipo de ítem Koha Livre
996 ## -
-- MEX
-- 751145101
-- MMAG
-- 012477
-- 080 S479 V.210
-- 20250214LIV
Exemplaires
Estatus retirado Estado de daño Estado de pérdida Fecha de adquisición Biblioteca de origen Biblioteca actual Ubicación en estantería Código de barras Precio de reemplazo Signatura topográfica completa No para préstamo Tipo de ítem Koha Nota pública Nota no pública
      05/08/2025 Casa México Paris Casa México Paris   012477 05/08/2025 080 S479 V.210   Livre 20250214LIV 751145101